Llibre de gelats i quemuyars, Mateu Jaume de Ca'n Juan de S'aigo, 1884-1885 / (Record no. 84024)

MARC details
000 -LEADER
campo de control de longitud fija 00493nam a2200157 i 4500
001 - NÚMERO DE CONTROL
campo de control 84024
003 - IDENTIFICADOR DE NÚMERO DE CONTROL
campo de control ES-MaACL
005 - FECHA Y HORA DE LA ÚLTIMA TRANSACCIÓN
campo de control 20230906174931.0
007 - CAMPO FIJO DE DESCRIPCIÓN FÍSICA--INFORMACIÓN GENERAL
campo de control de longitud fija t|
008 - DATOS DE LONGITUD FIJA--INFORMACIÓN GENERAL
campo de control de longitud fija 041119s1973 sp ||||1| cat d
100 1# - ENTRADA PRINCIPAL--NOMBRE DE PERSONA
Nombre de persona Jaume, Mateo.
9 (RLIN) 66179
245 10 - MENCIÓN DEL TÍTULO
Título Llibre de gelats i quemuyars, Mateu Jaume de Ca'n Juan de S'aigo, 1884-1885 /
Mención de responsabilidad, etc. Mateo Jaume.
260 ## - PUBLICACIÓN, DISTRIBUCIÓN, ETC.
Lugar de publicación, distribución, etc. Ciutat de Mallorca :
Nombre del editor, distribuidor, etc. Lluis Ripoll,
Fecha de publicación, distribución, etc. 1973.
300 ## - DESCRIPCIÓN FÍSICA
Extensión 127 p., 3 lám. :
Otras características físicas il. ;
Dimensiones 17 cm.
852 ## - LOCALIZACIÓN
Ubicación ES-MaACL
Número de control de estantería C-53588
Sublocalización o colección R.86352
Holdings
Estatus retirado Estado de pérdida Estado de daño No para préstamo Biblioteca de origen Biblioteca actual Ubicación en estantería Fecha de adquisición Fuente de adquisición Total de préstamos Signatura topográfica completa Código de barras Visto por última vez Precio de reemplazo Tipo de ítem Koha
        Biblioteca del Ateneo de Madrid Biblioteca del Ateneo de Madrid Depósito 2 17/01/2008     C-53588 1087812 23/02/2023 23/02/2023 Libro impreso